书目信息 |
| 题名: |
人才是最宝贵的财富
|
|
| 作者: | 刘鹏 著 | |
| 分册: | ||
| 出版信息: | 石家庄 河北人民出版社 1981 |
|
| 页数: | 87页 | |
| 开本: | 21cm | |
| 丛书名: | ||
| 单 册: | ||
| 中图分类: | C960 , A831 | |
| 科图分类: | ||
| 主题词: | 斯大林著作研究-人才学 , 人才学-斯大林著作研究 , 斯大林著作--学习 , 斯大林著作研究 | |
| 电子资源: | ||
| ISBN: | ||
| 000 | 00914nam0 2200301 45 | |
| 001 | 0181004546 | |
| 005 | 20040424081115.3 | |
| 010 | @dCNY0.30 | |
| 091 | @a3086.849 | |
| 100 | @a19950626d1981 em y0chiy0121 ea | |
| 101 | 0 | @achi |
| 102 | @aCN@b130000 | |
| 105 | @ay z 000yy | |
| 106 | @ar | |
| 200 | 10 | @a人才是最宝贵的财富@Aren cai shi zui bao gui de cai fu@e斯大林关于培养建设人才的理论和实践@f刘鹏著 |
| 210 | @a石家庄@c河北人民出版社@d1981 | |
| 215 | @a87页@d21cm | |
| 517 | 1 | @a斯大林关于培养建设人才的理论和实践@Asi da lin guan yu pei yang jian she ren cai de li lun he shi jian |
| 606 | @a斯大林著作研究-人才学 | |
| 606 | @a人才学-斯大林著作研究 | |
| 606 | 0 | @a斯大林著作@x学习 |
| 606 | 0 | @a斯大林著作研究 |
| 690 | @aC960@v3 | |
| 690 | @aA831 | |
| 701 | 0 | @a刘鹏@Aliu peng@4著 |
| 801 | 0 | @aCN@b上海图书馆@c20040424 |
| 801 | 2 | @aCN@bNLC@c20040424 |
| 905 | @f3@b56990-992@dA831@e2 | |
| 人才是最宝贵的财富:斯大林关于培养建设人才的理论和实践/刘鹏著.-石家庄:河北人民出版社,1981 |
| 87页;21cm |
| ISBN :CNY0.30 |
| ● |
| 相关链接 |
|
|
|
|
正题名:人才是最宝贵的财富
索取号:A831/2
 
预约/预借
| 序号 | 登录号 | 条形码 | 馆藏地/架位号 | 状态 | 备注 |
| 1 | 0056990 | 001388956 | 第一样本阅览室/ [索取号:A831/2] | 在馆 | |
| 2 | 0056991 | 001388910 | 第一借阅区/ [索取号:A831/2] | 在馆 | |
| 3 | 0056992 | 000947284 | 第一借阅区/ [索取号:A831/2] | 在馆 |